Qui est ce Pokémon ? #02 - Statistiques

Statistiques générales
  • Ce quiz a été pris 39 fois
  • Le résultat moyen est 7 sur 10
Statistiques - réponses
Énoncé Pokémon % Correct
Je suis un Pokémon de type Feu qui devient de type Glace sous ma forme de Galar. Je suis un Pokémon qui a évolué. Darumacho
88%
Je suis un Pokémon de base d'une ligne évolutive de trois Pokémon. Moi et mes évolutions possédons tous les trois le même double type, à savoir Normal / Fée. Toudoudou
81%
Je suis un Pokémon de base de type Normal / Vol de la première génération. Je mesure plus d'un mètre. Doduo
78%
Je suis un Pokémon de type Poison / Eau qui évolue au niveau 38. Vorastérie
72%
Je suis un Pokémon Insecte / Acier n'ayant ni évolution, pré-évolution ou méga-évolution. Je ne suis pas un Pokémon fabuleux. Fermite
66%
Je suis un Pokémon ayant une pré-évolution ainsi qu'une évolution. Je n'ai qu'un seul type, qui est à la fois faible aux attaques Combat mais aussi aux attaques Roche. Sorboul
63%
Je suis un Pokémon uniquement Normal, principalement de couleur blanche avec un museau noir. Sous forme chromatique, mon pelage devient noir et mon museau blanc. Je ne suis pas un mouton. Couafarel
59%
Je suis un starter Pokémon ayant un seul type, mais mon évolution finale gagne un deuxième type. Mon type est super efficace contre l'une des faiblesses du deuxième type de mon évolution finale. Je ne suis originaire ni de Kanto, ni de Sinnoh, ni d'Alola. Feunnec
59%
Je suis un Pokémon de la sixième génération. On a dû m'échanger pour que ma pré-évolution évolue. Celle dernière n'avait pas besoin de tenir d'objet pour évoluer lors de l'échange. Je suis principalement de couleurs noire et violette sous forme chromatique. Banshitrouye
50%
Je suis un Pokémon de la neuvième génération. Mon talent est Aéroporté. Virevorreur
50%
Aucun quiz correspondant
Distribution des résultats
% des personnes avec chaque résultat
Percentile par nombre de réponses
Votre historique - résultats
Vous n’avez pas pris ce quiz